Statistiken für Spieler gesucht!-Spieler anhand ihrer Karriere erraten #4

Klicken Sie hier um das Quiz zu spielen!

Allgemein

  • Dieses Quiz wurde 100 mal gespielt
  • Das Durchschnittsergebnis liegt bei 11 aus 15

Antwortstatistiken

VereinVereinVereinVereinVereinVereinVereinSpieler% Korrekt
KRC Genk/
Chelsea FC
KRC
Genk
Chelsea
FC
Werder
Bremen
Chelsea
FC
VfL
Wolfsburg
Manchester
City
Kevin De Bruyne
95%
FC
Schalke 04
Bayern
München
Manuel Neuer
93%
FC
Metz
RB
Salzburg
SouthamptonLiverpool
FC
Bayern
München
Al-NassrSadio Mané
89%
Austria
Wien
Bayern MünchenTSG
Hoffenheim
Bayern
München
Real
Madrid
David Alaba
88%
Horoya
AC
FC
Istres
RB
Salzburg
RB
Leipzig
Liverpool
FC
Werder
Bremen
Nabi Keïta
86%
SC
Paderborn
FC
Schalke 04
Bayern
München
AS
Monaco
Bayern
München
VfB
Stuttgart
Alexander Nübel
82%
FC
Schalke 04
Werder
Bremen
Real
Madrid
Arsenal
FC
Fenerbahce
Istanbul
BasaksehirKarriereendeMesut Özil
82%
SouthamptonTottenham
Hotspur
Real
Madrid
Tottenham
Hotspur
Real
Madrid
Los Angeles
FC
KarriereendeGareth Bale
79%
Shonan
Bellmare
Urawa
Reds
VV
St. Truiden
VfB
Stuttgart
VV
St. Truiden
VfB
Stuttgart
Liverpool
FC
Wataru Endo
76%
Aston VillaNotts CountyAston VillaManchester
City
Jack Grealish
74%
FC São PauloReal
Madrid
FC
Porto
Real
Madrid
FC
Porto
Real
Madrid
Manchester
United
Casemiro
72%
FC
Basel
FC
Schalke 04
FC
Sevilla
FC
Barcelona
FC
Sevilla
Al-ShababIvan Rakitic
67%
Stade
Rennes
Dijon
FCO
Stade
Rennes
Galatasaray
Istanbul
Bayern
München
Sacha Boey
65%
Vitória
Guimarães SC
Sporting
Lissabon
Stade
Rennes
Leeds
United
FC
Barcelona
Raphinha
54%
Dynamo
Moskau
KarriereendeLev Yashin
21%

Verteilung der Resultate

Perzentil nach korrekt beantworteten Fragen

Anzahl Personen mit jedem Resultat

Ihre Resultats-Entwicklung

Sie haben dieses Quiz noch nicht gespielt